header

The Poem : (Record no. 250774)

MARC details
000 -LEADER
fixed length control field 01012pam a2200301 a 4500
001 - CONTROL NUMBER
control field 2454679
003 - CONTROL NUMBER IDENTIFIER
control field OSt
005 - DATE AND TIME OF LATEST TRANSACTION
control field 20151015151243.0
008 - FIXED-LENGTH DATA ELEMENTS--GENERAL INFORMATION
fixed length control field 890803s1990 nju 001 0deng
010 ## - LIBRARY OF CONGRESS CONTROL NUMBER
LC control number 89038971
020 ## - INTERNATIONAL STANDARD BOOK NUMBER
International Standard Book Number 0136841430
040 ## - CATALOGING SOURCE
Original cataloging agency DLC
Transcribing agency DLC
Modifying agency DLC
050 00 - LIBRARY OF CONGRESS CALL NUMBER
Classification number PR1175
Item number .P59 1990
082 00 - DEWEY DECIMAL CLASSIFICATION NUMBER
Classification number 821.008
Edition number 20
245 04 - TITLE STATEMENT
Title The Poem :
Remainder of title an anthology.
250 ## - EDITION STATEMENT
Edition statement 3rd ed. /
Remainder of edition statement edited by Stanley B. Greenfield, A. Kingsley Weatherhead, Robert F. Garratt.
260 ## - PUBLICATION, DISTRIBUTION, ETC. (IMPRINT)
Place of publication, distribution, etc Englewood Cliffs, N.J. :
Name of publisher, distributor, etc Prentice Hall,
Date of publication, distribution, etc c1990.
300 ## - PHYSICAL DESCRIPTION
Extent xxx, 573 p. ;
Dimensions 23 cm.
500 ## - GENERAL NOTE
General note Includes index.
650 #0 - SUBJECT ADDED ENTRY--TOPICAL TERM
Topical term or geographic name as entry element English poetry.
Topical term or geographic name as entry element American poetry.
700 1# - ADDED ENTRY--PERSONAL NAME
Personal name Greenfield, Stanley B.
Personal name Weatherhead, A. Kingsley
Fuller form of name (Andrew Kingsley),
Dates associated with a name 1923-
Personal name Garratt, Robert F.
906 ## - LOCAL DATA ELEMENT F, LDF (RLIN)
a 7
b cbc
c orignew
d 1
e ocip
f 19
g y-gencatlg
942 ## - ADDED ENTRY ELEMENTS (KOHA)
Source of classification or shelving scheme Library of Congress Classification
Koha item type Long Loan Books
Holdings
Withdrawn status Lost status Source of classification or shelving scheme Damaged status Not for loan Collection code Home library Current library Shelving location Date acquired Total Checkouts Full call number Barcode Date last seen Date checked out Price effective from Koha item type
    Library of Congress Classification     Fiction Rongo University Library Rongo University Library General Stacks 15/10/2015 3 PR1175 .P59 1990 20154366 12/03/2020 09/03/2020 15/10/2015 Long Loan Books

© 2026 Rongo University
Contact us: librarian | system librarian | Rongo university